|
|
|
|
| LEADER |
00000cab a2200000 ar4500 |
| 001 |
vtls008963596 |
| 003 |
SK-MaSNL |
| 005 |
20260304025028.0 |
| 008 |
070412c2007 xo wr|p|||||||000 ||slo |
| 038 |
|
|
|a PPPK
|
| 040 |
|
|
|a PPPKCL
|b slo
|c PPPK
|e AACR2
|
| 041 |
0 |
|
|a slo
|
| 044 |
|
|
|a xo
|c SK
|
| 080 |
|
|
|a 796.926-056.26
|2 2001
|
| 080 |
|
|
|a 929 Kočík, Štefan
|2 2001
|
| 100 |
1 |
|
|a Dic, Marián,
|d 1973-
|4 ivr
|4 aut
|9 1022463
|
| 245 |
1 |
0 |
|a Kopčík plánuje na paralympiáde v Turíne ukončiť reprezentačnú kariéru
|c Marián Dic ; Foto archív
|
| 300 |
|
|
|b Fotogr.
|
| 600 |
1 |
7 |
|a Kopčík, Štefan,
|d 1951-
|2 pppkcl
|9 115335
|
| 650 |
0 |
7 |
|a zrakovo postihnuté osoby
|2 pppkcl
|9 1168
|
| 650 |
0 |
7 |
|a športovci
|2 pppkcl
|9 1043
|
| 650 |
0 |
7 |
|a paralympionici
|2 pppkcl
|9 59773
|
| 650 |
0 |
7 |
|a zjazdové lyžovanie
|2 pppkcl
|9 3258
|
| 651 |
|
7 |
|a Poprad (Slovensko)
|2 pppkcl
|9 20155
|
| 655 |
|
7 |
|a rozhovory
|2 pppkcl
|9 31831
|
| 700 |
1 |
|
|a Kopčík, Štefan,
|d 1951-
|4 ive
|4 aut
|9 115335
|
| 773 |
0 |
|
|t Tatranský denník Korzár
|g Roč. VIII, č. 16 (20.1.2006), s. 11
|x 1335-7573
|
| 852 |
|
|
|a PPPK
|b KIS3GCP
|
| 856 |
|
|
|u www.korzar.sk
|
| 958 |
|
|
|a BX
|
| 999 |
|
|
|c 2624921
|d 2626851
|